00688nam a22001697a 4500003000900000008004100009040007100050082001800121100002500139245008400164260002800248300004400276505011600320650002300436650002300459650003600482AR-CdUCM190410b ||||| |||| 00| 0 spa d aMUNICIPALIDAD PROVINCIAL DEL CUSCOcBIBLIOTECA MUNICIPAL DEL CUSCO a261.7 /bL98  aLuna Victoria, Romeo aCiencia y práctica de la revolución :bmanual para dirigentes políticos / aLima :bStudium,c1966. a307 páginas ;bilustración,c17 cm. aContenido: Política general -- Política especial -- Complementos teóricos -- Practica de la revolución. aCiencia política aÉtica política aIglesia Católica y política